| 000 | 01003nam a22002537a 4500 | ||
|---|---|---|---|
| 999 |
_c35872 _d35872 |
||
| 003 | OSt | ||
| 005 | 20250705170005.0 | ||
| 008 | 250705b ||||| |||| 00| 0 eng d | ||
| 022 | _a2227-4235 | ||
| 040 | _cBCRI | ||
| 082 | _a378.00772845 | ||
| 082 | _a378.72840014 | ||
| 082 | _a001.47284 | ||
| 245 |
_aAnuario de investigación 2023 _c[coordinadora y editora, Larissa Hernández Monterrosa] |
||
| 260 |
_aSanta Ana, El Salvador _bUNICAES, Dirección de Investigación _c2023 |
||
| 300 |
_a122 + [9] p. _bil. _c28 cm. |
||
| 490 |
_aPublicaciones de la Dirección de Investigación _v12 |
||
| 610 | 0 | 0 |
_99278 _aUniversidad Católica de El Salvador _bDirección de Investigación _vAnuarios |
| 610 | 2 | 0 |
_98619 _aUniversidad Católica de El Salvador _xActividad científica |
| 650 | 0 |
_94874 _aInvestigación _zEl Salvador |
|
| 700 | 1 |
_99472 _aHernandez Monterrosa, Antonia Larissa |
|
| 710 | 0 |
_99274 _aUniversidad Católica de El Salvador _bDirección de Investigación |
|
| 942 |
_2ddc _cPR _hprozim |
||